000 00426cam a2200169ua 4500
020 _c50.00
041 _aeng
_h
082 _a635.93415
_bMUK/OR
100 _aMukherjee, S.K .
245 _aOrchids /
_cS.K Mukherjee.
_hTextual Documents
260 _aNew Delhi :
_bIndian Council for Agricultural Research ,
_c2002.
300 _a102 ; .
365 _a50.00
504 _a
942 _cBK
999 _c12054
_d12054